Records de la Champions Cup. - Statistiques

Statistiques générales
  • Ce quiz a été pris 193 fois
    38 depuis la dernière actualisation
  • Le résultat moyen est 7 sur 12
Statistiques - réponses
Record Score Équipe % Correct
Titres 6 Stade toulousain
100%
Matchs 206 Leinster
85%
Participation 25 Leinster
85%
Titres consécutifs 3 RC Toulon
85%
Munster
68%
Essais en une saison 12 Damian Penaud
56%
Ulster
56%
Essais 41 Chris Ashton
44%
Matchs 110 Ronan O'Gara
38%
Point 1365 Ronan O'Gara
38%
Titres 6 Frédéric Michalak
21%
Points en une saison 144 Simon Mason
0%
Aucun quiz correspondant
Distribution des résultats
% des personnes avec chaque résultat
Percentile par nombre de réponses
Votre historique - résultats
Vous n’avez pas pris ce quiz depuis la dernière actualisation